[Event "Tatry Open 2013"]
[Site "Tatranske Zruby SVK"]
[Date "2013.10.05"]
[Round "8.12"]
[White "Bhakti,K"]
[Black "Skreno,V"]
[Result "0-1"]
[WhiteElo "2285"]
[BlackElo "2195"]

1.d4 Nf6 2.Nf3 g6 3.c4 Bg7 4.Nc3 d6 5.e4 O-O 6.Be2 e5 7.O-O Nc6 8.d5 Ne7
9.b4 Ne8 10.c5 f5 11.Nd2 Rf7 12.a4 Nf6 13.f3 f4 14.Nc4 g5 15.Ba3 Ng6 16.b5 Bf8
17.c6 b6 18.a5 h5 19.axb6 axb6 20.Bb4 Rxa1 21.Qxa1 g4 22.Qa8 Nh4 23.Kf2 Nxg2
24.Rg1 g3+ 25.hxg3 fxg3+ 26.Kxg3 Rg7+ 27.Kf2 Nxe4+ 28.Nxe4 Qh4+ 29.Kf1 Bh3
30.Nf6+ Qxf6  0-1

[Event "TCh-AUT 2nd Ost 2013-14"]
[Site "Vienna AUT"]
[Date "2013.10.05"]
[Round "1.4"]
[White "Menezes,Chr"]
[Black "Steinert,Mart"]
[Result "1-0"]
[WhiteElo "2263"]
[BlackElo "2095"]

1.d4 Nf6 2.c4 g6 3.Nc3 Bg7 4.e4 d6 5.Nf3 O-O 6.Be2 e5 7.O-O Nc6 8.d5 Ne7
9.Ne1 Kh8 10.Nd3 Nd7 11.Be3 f5 12.f3 Nf6 13.c5 Neg8 14.Rc1 Bh6 15.Bxh6 Nxh6
16.Qd2 f4 17.g4 Ne8 18.Nb5 Bd7 19.Na3 Nf7 20.Nc4 h5 21.gxh5 Bh3 22.Rf2 gxh5
23.Kh1 Qf6 24.Rg1 Rg8 25.Rxg8+ Kxg8 26.Bf1 Bd7 27.Rg2+ Kh7 28.Rg1 Ng7 29.Qf2 h4
30.c6 bxc6 31.dxc6 Be6 32.Qc2 Nh5 33.Kg2 Ng5 34.Kf2 Rg8 35.Nd2 Qg6 36.Ke1 Qf6
37.Qa4 Rg7 38.Qxa7 d5 39.Qc5 dxe4 40.Nxe4 Nxe4 41.Rxg7+ Nxg7 42.fxe4 Bxa2
43.Qxe5 Qxc6 44.Qxf4 Qh6 45.Kf2 Qb6+ 46.Kf3 Ne6 47.Qxh4+ Kg8 48.Qg4+ Kf8
49.Qf5+ Ke7 50.Qh7+ Kd6 51.Qh4 Nd4+ 52.Kg2 Kc6 53.Qf6+ Be6 54.b4 Kb7 55.Nc5+ Ka7
56.Qxd4  1-0

[Event "TCh-AUT 2nd Ost 2013-14"]
[Site "Vienna AUT"]
[Date "2013.10.06"]
[Round "2.5"]
[White "Heiny,M"]
[Black "Steinert,Mart"]
[Result "1/2-1/2"]
[WhiteElo "2084"]
[BlackElo "2095"]

1.d4 Nf6 2.c4 g6 3.Nc3 Bg7 4.e4 d6 5.Nf3 O-O 6.Be2 e5 7.O-O Nc6 8.d5 Ne7
9.Ne1 Kh8 10.Nd3 Nd7 11.b4 f5 12.f3 a5 13.bxa5 Rxa5 14.a4 Ng8 15.Bd2 Ngf6
16.Nf2 Nc5 17.Qc2 f4 18.Nb5 Ra8 19.a5 g5 20.Bb4 h5 21.Nd3 Nxd3 22.Qxd3 g4
23.c5 Ne8 24.cxd6 cxd6 25.Rfc1 Rf7 26.Qd1 g3 27.h3 Bf8 28.Bf1 Rg7 29.Rc2 Bd7
30.Kh1 Qh4 31.Rac1 Nf6 32.Bxd6 Bxb5 33.Bxf8 Rxf8 34.Bxb5 Ng4 35.fxg4 hxg4
36.Bd7 gxh3 37.Bxh3 f3 38.Qf1 Qxe4 39.Rc8 Rf7 40.Rxf8+ Rxf8 41.gxf3 Rxf3
42.Qg2 Qf4 43.Rf1 Rf2 44.Rxf2 gxf2 45.d6 Qc1+ 46.Kh2 Qd2 47.d7 e4 48.Be6 Qd6+
49.Kh1 Qd1+ 50.Kh2 Qd6+ 51.Kh1 Qd1+ 52.Kh2  1/2-1/2

[Event "TCh-AUT 2nd Ost 2013-14"]
[Site "Vienna AUT"]
[Date "2013.10.06"]
[Round "2.3"]
[White "Rumpl,E"]
[Black "Weinzettl,E"]
[Result "1/2-1/2"]
[WhiteElo "2308"]
[BlackElo "2312"]

1.d4 Nf6 2.c4 g6 3.Nc3 Bg7 4.e4 d6 5.Nf3 O-O 6.Be2 e5 7.O-O Nc6 8.Be3 exd4
9.Nxd4 Re8 10.f3 Nh5 11.Qd2 f5 12.Nxc6 bxc6 13.Bg5 Bf6 14.Bxf6 Qxf6 15.Rad1 fxe4
16.Nxe4 Qe5 17.Rfe1 Bf5 18.Bf1 Bxe4 19.Rxe4 Qc5+ 20.Qd4 Qxd4+ 21.Rdxd4 c5
22.Rxe8+ Rxe8 23.Rd3 Rb8 24.Ra3 Rxb2 25.Rxa7 Ng7 26.Rxc7 Rxa2 27.Bd3 Ne6
28.Rd7 Nf4 29.Bf1 Rd2 30.g3 Ne6 31.f4 Nd4 32.Bg2 Rd1+ 33.Kf2 Rd2+ 34.Kg1 Rd1+  1/2-1/2

[Event "23rd EYCC Open U16 2013"]
[Site "Budva MNE"]
[Date "2013.10.07"]
[Round "8.17"]
[White "Naoum,S"]
[Black "Popov,Kirill"]
[Result "1-0"]
[WhiteElo "2203"]
[BlackElo "2128"]

1.d4 Nf6 2.c4 g6 3.Nc3 Bg7 4.e4 d6 5.Nf3 O-O 6.Be2 e5 7.O-O Nc6 8.d5 Ne7
9.b4 a5 10.Ba3 b6 11.bxa5 Nh5 12.g3 f5 13.Ng5 Nf6 14.axb6 Rxa3 15.Nb5 Ra6
16.bxc7 Qe8 17.c5 Nxe4 18.Nxd6 Rxd6 19.cxd6 Nxg5 20.dxe7 Qxe7 21.d6 Qd7 22.Qd5+ Kh8
23.Bb5 Qe6 24.Qxe6 Nxe6 25.Rfc1 Bb7 26.d7  1-0

[Event "ch-Novoyavorivsk Chess Club 2013"]
[Site "Novoyavorivsk UKR"]
[Date "2013.10.08"]
[Round "9.3"]
[White "Rytenko,Vsevolod"]
[Black "Kruglyakov,P"]
[Result "1/2-1/2"]
[WhiteElo "2188"]
[BlackElo "2369"]

1.d4 Nf6 2.c4 g6 3.Nc3 Bg7 4.e4 d6 5.Nf3 O-O 6.Be2 e5 7.O-O Nc6 8.dxe5 dxe5
9.Qxd8 Rxd8 10.Bg5 Rf8 11.Rfd1 Bg4 12.h3 Bxf3 13.Bxf3 Nd4 14.Nd5 Nxd5 15.cxd5 f5
16.Rd2 Rf7 17.Be3 Nxf3+ 18.gxf3 Bf8 19.Rc1 Bd6 20.Kf1 f4 21.Bc5 Rd8 22.Rdc2 Kf8
23.Bxd6+ cxd6 24.Rc7 Rdd7 25.Rxd7 Rxd7 26.Rc8+ Ke7 27.Kg2 Rd8 28.Rc7+ Rd7
29.Rc8 Rd8 30.Rc7+  1/2-1/2

[Event "7th Univ Cent Open 2013"]
[Site "Bogota COL"]
[Date "2013.10.10"]
[Round "1.1"]
[White "Ortiz Suarez,I"]
[Black "Vittorino,C"]
[Result "1-0"]
[WhiteElo "2601"]
[BlackElo "2323"]

1.d4 Nf6 2.c4 g6 3.Nc3 Bg7 4.e4 d6 5.Nf3 O-O 6.Be2 e5 7.O-O Nc6 8.d5 Ne7
9.b4 Nh5 10.Re1 a5 11.bxa5 Rxa5 12.a4 f5 13.Nd2 Nf6 14.f3 Bh6 15.Nb3 Bxc1
16.Rxc1 Ra8 17.c5 Kh8 18.Qc2 Neg8 19.a5 Ne8 20.cxd6 cxd6 21.Na4 Bd7 22.Nb6 Rb8
23.Bd3 f4 24.Qe2 Ngf6 25.Rc3 Qe7 26.Rec1 g5 27.Nxd7 Qxd7 28.Bb5 Qg7 29.Bxe8 Rbxe8
30.Nd2 Re7 31.Nc4 Rd8 32.Nb6 h5 33.Qf2 Kh7 34.h3 g4 35.hxg4 Kg6 36.gxh5+ Nxh5
37.Qh4 Ng3 38.Rc8 Rxc8 39.Rxc8 Rc7 40.Qg4+ Kh6 41.Qe6+ Kh5 42.Rxc7 Qxc7 43.Qc8 Qc1+
44.Qxc1 Ne2+ 45.Kf2 Nxc1 46.Nc4 Nb3 47.Nxd6 Nxa5 48.Nf7 b5 49.d6 b4 50.d7 Nb7
51.Ke2 Kh4 52.d8=Q+ Nxd8 53.Nxd8 b3 54.Kd3 Kg3 55.Nc6 Kxg2 56.Nxe5  1-0

[Event "7th Univ Cent Open 2013"]
[Site "Bogota COL"]
[Date "2013.10.10"]
[Round "1.17"]
[White "Sanchez Enriquez,O"]
[Black "Rivera,I"]
[Result "1-0"]
[WhiteElo "2397"]
[BlackElo "2210"]

1.Nf3 Nf6 2.c4 g6 3.Nc3 Bg7 4.e4 d6 5.d4 O-O 6.Be2 e5 7.O-O Nc6 8.d5 Ne7
9.Qc2 Nh5 10.Rd1 Nf4 11.Bxf4 exf4 12.c5 f5 13.Ng5 fxe4 14.Qxe4 Be5 15.Ne6 Bxe6
16.dxe6 Nf5 17.cxd6 cxd6 18.Nd5 Qg5 19.Bf3 Rac8 20.Rac1 Rxc1 21.Rxc1 Re8
22.Rc7 Nd4 23.e7 Kh8 24.Rxb7 a5 25.b3 Nxf3+ 26.Qxf3 Qf5 27.g4 fxg3 28.Qxf5 gxh2+
29.Kh1 gxf5 30.Rd7 Kg7 31.Nc7 Kf7 32.Nxe8 Kxe8 33.Ra7 Bc3 34.Kxh2 d5 35.Kg3 d4
36.Kf4 d3 37.Kxf5 Bd4 38.Rxa5  1-0

[Event "Chinese Teams 2013"]
[Site "Qingdao CHN"]
[Date "2013.10.10"]
[Round "11.3"]
[White "Xiu Deshun"]
[Black "Ding Liren"]
[Result "1/2-1/2"]
[WhiteElo "2566"]
[BlackElo "2718"]

1.d4 Nf6 2.c4 g6 3.Nc3 Bg7 4.e4 d6 5.Nf3 O-O 6.Be2 e5 7.O-O Nc6 8.d5 Ne7
9.b4 Nh5 10.g3 a5 11.Ba3 f5 12.c5 fxe4 13.Nxe4 Nf6 14.Nfg5 axb4 15.Bxb4 Nf5
16.a4 h6 17.Nxf6+ Bxf6 18.Ne4 dxc5 19.Bxc5 Be7 20.Bf3 Bxc5 21.Nxc5 Nd4 22.Bg2 b6
23.Nb3 Nxb3 24.Qxb3 Qd6 25.Qe3 Kg7 26.Rfe1 Ra5 27.Qc3 Rc5 28.Qb2 Kg8 29.Rxe5 Bf5
30.Rae1 Rc2 31.Qd4 Qc5 32.Qxc5 Rxc5 33.Be4 Bxe4 34.R1xe4 Kg7 35.h4 h5 36.g4 hxg4
37.Rxg4 Rc1+ 38.Kg2 Rc2 39.Re7+ Kh6 40.Kg1 Rc1+ 41.Kg2 Rc2 42.Kg1  1/2-1/2

[Event "TCh-ISL Div1 2013-14"]
[Site "Reykjavik ISL"]
[Date "2013.10.10"]
[Round "1.4"]
[White "Halldorsson,Br"]
[Black "Van Kampen,R"]
[Result "0-1"]
[WhiteElo "2160"]
[BlackElo "2607"]

1.d4 Nf6 2.c4 g6 3.Nc3 Bg7 4.e4 d6 5.Be2 O-O 6.Nf3 e5 7.O-O Nc6 8.d5 Ne7
9.b4 a5 10.bxa5 Rxa5 11.Nd2 b6 12.Nb3 Ra8 13.a4 Bd7 14.Be3 Ne8 15.a5 bxa5
16.Nxa5 c5 17.dxc6 Nxc6 18.Nxc6 Bxc6 19.c5 f5 20.Bc4+ Kh8 21.Bd5 Rxa1 22.Qxa1 Bxd5
23.Nxd5 f4 24.Bd2 dxc5 25.Bc3 f3 26.Bxe5 Qg5 27.Bxg7+ Nxg7 28.Ne3 Qf4 29.Qc3 fxg2
30.Nxg2 Qxe4 31.Qxc5 Ne6 32.Qe7 Rf5 33.Rc1 Qf3 34.Rc8+ Nf8 35.Qe3 Qd1+ 36.Qe1 Qxe1+
37.Nxe1 Kg7 38.Re8 Kf7 39.Re3 Ra5 40.Kg2 Ne6 41.h4 Ra4 42.Kg3 Ng7 43.Rb3 Nf5+
44.Kg2 Nxh4+ 45.Kh2 Ra7 46.Nf3 Nf5 47.Rb6 Kg7 48.Rb4 Re7 49.Nd4 Nd6 50.Rb6 Ne4
51.f3 Nf6 52.Ne6+ Kg8 53.Kg3 h6 54.Ra6 Kf7 55.Nd8+ Kg7 56.Kf4 Nd5+ 57.Kg4 Ne3+
58.Kh3 Nd5 59.Kg4  0-1

[Event "7th Univ Cent Open 2013"]
[Site "Bogota COL"]
[Date "2013.10.11"]
[Round "3.27"]
[White "Guerrero,H"]
[Black "Arenas,D"]
[Result "0-1"]
[WhiteElo "1931"]
[BlackElo "2455"]

1.d4 Nf6 2.c4 g6 3.Nc3 Bg7 4.Nf3 O-O 5.e4 d6 6.Be2 e5 7.O-O Nc6 8.d5 Ne7
9.b4 a5 10.Ba3 Nd7 11.Qc2 Bh6 12.Nd2 f5 13.Nd1 Nf6 14.Ne3 Kh8 15.bxa5 Rxa5
16.Bb4 Ra8 17.Bd3 Nh5 18.g3 f4 19.Ng2 c5 20.Bc3 Qd7 21.Be2 Qh3 22.Nf3 Ng8
23.Qd3 Ngf6 24.Nfe1 Ng4 25.Bxg4 Bxg4 26.Bd2 fxg3 27.hxg3 Be2 28.Qxe2 Nxg3
29.fxg3 Rxf1+ 30.Kxf1 Qh1+ 31.Kf2 Rf8+ 32.Nf3  0-1

[Event "Chinese Teams 2013"]
[Site "Qingdao CHN"]
[Date "2013.10.12"]
[Round "13.3"]
[White "Shen Yang"]
[Black "Zhang Xiaowen"]
[Result "1-0"]
[WhiteElo "2415"]
[BlackElo "2377"]

1.d4 Nf6 2.c4 g6 3.Nc3 Bg7 4.e4 d6 5.Nf3 O-O 6.Be2 e5 7.O-O Nc6 8.d5 Ne7
9.b4 Nh5 10.Re1 a5 11.bxa5 Rxa5 12.Nd2 Nf4 13.Bf1 c5 14.a4 h5 15.Ra3 Ra6
16.Nb5 h4 17.Nf3 Bf6 18.Bxf4 exf4 19.h3 Kg7 20.Bd3 Be5 21.Nxe5 dxe5 22.Qa1 f6
23.Be2 Bd7 24.Rb1 Nc8 25.a5 Rf7 26.Qc3 Be8 27.Bg4 Bd7 28.Bxd7 Rxd7 29.Ra4 Nb6
30.Ra2 Nc8 31.Rba1 Nd6 32.Nxd6 Rdxd6 33.Kh2 Ra7 34.Rb2 b6 35.Rb5 Qa8 36.axb6 Rxa1
37.b7 Qa4 38.b8=Q Ra6 39.Rb7+ Kh6 40.Qf8+ Kg5 41.Rh7  1-0

[Event "TCh-ISL Div1 2013-14"]
[Site "Reykjavik ISL"]
[Date "2013.10.12"]
[Round "3.3"]
[White "Locci,D"]
[Black "Sigfusson,S"]
[Result "1/2-1/2"]
[WhiteElo "2115"]
[BlackElo "2320"]

1.c4 Nf6 2.Nc3 g6 3.e4 d6 4.d4 Bg7 5.Nf3 O-O 6.Be2 e5 7.O-O Nc6 8.d5 Ne7
9.Ne1 Ne8 10.f3 f5 11.g4 Kh8 12.h4 Ng8 13.g5 f4 14.Kf2 Rf7 15.Nd3 Bf8 16.Rh1 Ng7
17.Bf1 Nh5 18.Ne2 h6 19.Bh3 Bxh3 20.Rxh3 hxg5 21.hxg5 Qxg5 22.Qh1 Nf6 23.Bd2 Qh6
24.Rg1 g5 25.Ke1 Rh7 26.Qg2 Be7 27.Qxg5 Qxg5 28.Rxg5 Ng3 29.Rxh7+ Nxh7 30.Rg4 Ng5
31.Kf2 Nh5 32.Bc3 Kh7 33.Rg2 Rg8 34.Rh2 Kg6 35.Bxe5 dxe5 36.Nxe5+ Kf6 37.Ng4+ Kg6
38.Ne5+ Kf6 39.Ng4+ Kg6  1/2-1/2

[Event "3rd Central Asia Cup"]
[Site "Dushanbe TJK"]
[Date "2013.10.15"]
[Round "4.18"]
[White "Shyngys Kyzy,A"]
[Black "Ziyaev,N"]
[Result "0-1"]
[WhiteElo "1796"]
[BlackElo "2140"]

1.d4 Nf6 2.Nf3 g6 3.c4 Bg7 4.Nc3 O-O 5.e4 d6 6.Be2 Nc6 7.O-O e5 8.d5 Ne7
9.a4 Nd7 10.Ng5 h6 11.Nh3 a5 12.f3 Nc5 13.Nf2 f5 14.Nd3 Nxd3 15.Bxd3 f4 16.Bd2 g5
17.Rc1 b6 18.Nb5 h5 19.Be2 Rf7 20.Bc3 Bf8 21.Qd2 g4 22.c5 Ng6 23.cxb6 cxb6
24.b4 g3 25.h3 Rg7 26.Rfd1 Nh4 27.bxa5 bxa5 28.Rc2 Bxh3 29.gxh3 Qd7 30.Qd3 Qxh3
31.Bf1 g2 32.Kf2 g1=Q+ 33.Ke2 Rg2+ 34.Ke1  0-1

[Event "TCh-AUT 2nd West 2013-14"]
[Site "Austria AUT"]
[Date "2013.10.19"]
[Round "2.6"]
[White "Binder,Mo"]
[Black "Neuschmied,S"]
[Result "0-1"]
[WhiteElo "2030"]
[BlackElo "2230"]

1.d4 Nf6 2.c4 g6 3.Nc3 Bg7 4.e4 O-O 5.Nf3 d6 6.Be2 e5 7.O-O Nc6 8.d5 Ne7
9.Ne1 Ne8 10.Be3 f5 11.f3 c5 12.Nd3 f4 13.Bf2 g5 14.b4 b6 15.a4 a5 16.bxc5 bxc5
17.Nb5 Ng6 18.Rb1 Rf7 19.Qc2 h5 20.Nxd6 Nxd6 21.Bxc5 g4 22.Rb6 Rf6 23.Rfb1 gxf3
24.Bxf3 Bg4 25.Bxd6 Rxd6 26.c5 Rxb6 27.Rxb6 Nh4 28.Bxg4 hxg4 29.Re6 Qg5 30.Qc1 Nf3+
31.Kh1 Nd4 32.Rd6 g3 33.h3 Qh4 34.Qf1 Rf8 35.Rg6 Qh5 36.Rg4 Qh7 37.Nxe5 Qxe4
38.Ng6 Rb8 39.Rxf4 Qxg6  0-1

[Event "29th ECC Open 2013"]
[Site "Rhodes GRE"]
[Date "2013.10.20"]
[Round "1.3"]
[White "Schachinger,M"]
[Black "Gnichtel,G"]
[Result "1-0"]
[WhiteElo "2402"]
[BlackElo "2123"]

1.d4 Nf6 2.c4 g6 3.Nc3 Bg7 4.e4 d6 5.Nf3 O-O 6.Be2 e5 7.O-O Nc6 8.d5 Ne7
9.Ne1 Nd7 10.Nd3 f5 11.f3 Nf6 12.c5 f4 13.Bd2 g5 14.Rc1 Ng6 15.Nb5 Rf7 16.Ba5 b6
17.cxd6 cxd6 18.Be1 h5 19.Nb4 a6 20.Nc6 Qf8 21.Nc3 g4 22.Na4 Rb7 23.Bf2 g3
24.Bxb6 gxh2+ 25.Kxh2 h4 26.Nd8 Re7 27.Ne6 Bxe6 28.dxe6 Ne8 29.Bf2 Bf6 30.Nb6 Rd8
31.Bxa6 Qh6 32.Rh1 Nf8 33.Kg1 Rg7 34.Kf1 Qg6 35.Rg1 Kh8 36.Bc4 Nc7 37.Nd5 Ncxe6
38.Nxf6 Qxf6 39.Rh1 Rh7 40.Qd5 Qg5 41.Rh2 Nc7 42.Qd2 Ne8 43.Ke2 Nf6 44.Rch1 Ng6
45.Qe1 d5 46.Bxd5 Nxd5 47.exd5 Rxd5 48.Bxh4 Nxh4 49.Qxh4 Rxh4 50.Rxh4+ Kg7
51.Rg4 Qxg4 52.fxg4 Kf6 53.Rd1 Rb5 54.b3 e4 55.Rd4 Ke5 56.Rc4 Kd5 57.Rc8 Kd4
58.Rd8+ Kc3 59.Rf8 Ra5 60.Rxf4 Rxa2+ 61.Ke3 Rxg2 62.Kxe4 Kxb3 63.Kf5 Kc3
64.g5 Kd3 65.g6 Ke3 66.Rg4  1-0

[Event "3rd Panama Open"]
[Site "Panama City PAN"]
[Date "2013.10.30"]
[Round "1.20"]
[White "Gomez Ledo,R"]
[Black "Pilarte,R"]
[Result "1-0"]
[WhiteElo "2426"]
[BlackElo "2132"]

1.d4 Nf6 2.c4 g6 3.Nc3 Bg7 4.e4 d6 5.Be2 O-O 6.Nf3 e5 7.O-O Nc6 8.d5 Ne7
9.b4 a5 10.Ba3 axb4 11.Bxb4 b6 12.a4 Nh5 13.a5 bxa5 14.Rxa5 Rxa5 15.Bxa5 Bd7
16.c5 dxc5 17.d6 Nc6 18.Bxc7 Qe8 19.Nd5 Nf4 20.Bc4 Nd4 21.Nxd4 cxd4 22.Qb3 Nxd5
23.Bxd5 Kh8 24.Ra1 f5 25.Ra8 Qxa8 26.Bxa8 Rxa8 27.h3 fxe4 28.Qb7 Ra1+ 29.Kh2 h6
30.Ba5 Rxa5 31.Qxd7 Ra8 32.Qe7 e3 33.fxe3 dxe3 34.d7  1-0

[Event "Chinese Zonal w 2013"]
[Site "Zhongshan CHN"]
[Date "2013.10.30"]
[Round "2.3"]
[White "Li Xueyi"]
[Black "Wang Jue"]
[Result "1/2-1/2"]
[WhiteElo "2134"]
[BlackElo "2382"]

1.d4 Nf6 2.c4 g6 3.Nc3 Bg7 4.e4 d6 5.Nf3 O-O 6.Be2 e5 7.O-O Nc6 8.d5 Ne7
9.b4 Nh5 10.g3 a5 11.bxa5 Rxa5 12.a4 c5 13.Bd2 Ra6 14.Rb1 Nf6 15.Re1 h6 16.Qc1 Kh7
17.Bf1 Ne8 18.Nh4 f5 19.exf5 Nxf5 20.Nxf5 gxf5 21.Bg2 Nf6 22.Qc2 Kg8 23.Qc1 h5
24.Bh6 Qe7 25.Bh3 Ng4 26.Bxg4 hxg4 27.Qg5 Qxg5 28.Bxg5 Rf7 29.Nb5 Rd7 30.Ra1 e4
31.Ra2 Be5 32.Kg2 Rh7 33.Bd8 Bd7 34.Rb1 Ra8 35.Bh4 Be8 36.Bg5 Bd7 37.Bf4 Ra6
38.Nc7 Rxa4 39.Rxa4 Bxa4 40.Rxb7 Bxf4 41.gxf4 Bd1 42.Rb8+ Kf7 43.Nb5 Bf3+
44.Kg1 Rh6 45.Rb7+ Ke8 46.Rb6 Kd7 47.Rb7+ Kd8 48.Rb6 Kd7 49.Rb7+ Ke8 50.Rb6 Ke7
51.Rb7+ Ke8 52.Rb6 Kd7  1/2-1/2

[Event "FSGM November 2013"]
[Site "Budapest HUN"]
[Date "2013.11.02"]
[Round "1.3"]
[White "Troff,Kayden W"]
[Black "Sean,W"]
[Result "1-0"]
[WhiteElo "2457"]
[BlackElo "2317"]

1.d4 Nf6 2.c4 g6 3.Nc3 Bg7 4.e4 d6 5.Nf3 O-O 6.Be2 e5 7.O-O Nc6 8.d5 Ne7
9.Ne1 Ne8 10.Be3 f5 11.f3 f4 12.Bf2 g5 13.c5 Ng6 14.cxd6 cxd6 15.a4 h5 16.a5 Bh6
17.b4 Rf7 18.Nb5 a6 19.Na7 Bd7 20.b5 Rg7 21.bxa6 bxa6 22.Bb6 Qf6 23.Bxa6 g4
24.Kf2 Nc7 25.Qd3 g3+ 26.Ke2 Nxa6 27.Qxa6 gxh2 28.Rh1 Bc8 29.Qxc8+ Rxc8 30.Nxc8 Qf8
31.Rc1 Ne7 32.Nxd6 Rg6 33.Nc4 Qc8 34.Rxh2 Qa6 35.Nd3 Bg7 36.Nd2 Nc8 37.Nc4 Nxb6
38.axb6 Qa2+ 39.Kf1 Qb3 40.Nc5 Qb5 41.Ne6 Qb3 42.Rxh5 Qd3+ 43.Kf2 Bf8 44.Nxf8 Qd4+
45.Kf1 Qd3+ 46.Kg1  1-0

[Event "e2e4 Gatwick Nov Open"]
[Site "Crawley ENG"]
[Date "2013.11.02"]
[Round "3"]
[White "Mayhew,A"]
[Black "Oliver,Martin"]
[Result "1-0"]
[WhiteElo "2058"]
[BlackElo "1865"]

1.d4 Nf6 2.c4 g6 3.Nc3 Bg7 4.e4 d6 5.Nf3 O-O 6.Be2 e5 7.O-O Nc6 8.d5 Ne7
9.Ne1 Nd7 10.Nd3 f5 11.Bd2 Nf6 12.f3 f4 13.g4 fxg3 14.hxg3 h5 15.Kg2 Rf7
16.c5 Ne8 17.a4 Bf6 18.a5 g5 19.cxd6 cxd6 20.a6 b6 21.Nb4 Rg7 22.Nc6 Nxc6
23.dxc6 g4 24.fxg4 Bxg4 25.Bxg4 Rxg4 26.Qf3 Qe7 27.Rh1 Qf7 28.Raf1 Qg6 29.Rh3 Rc8
30.Nd5 Kg7 31.Rxh5 Qxe4 32.Qxe4 Rxe4 33.Nxf6 Re2+ 34.Kf3 Rxd2 35.Ne4 Rxb2
36.Kg4 Kg8 37.Rg5+ Ng7 38.Nf6+ Kf7 39.Nh5+ Ke6 40.Nxg7+ Kd5 41.Rd1+ Kxc6
42.Rc1+ Kd7 43.Rxc8 Kxc8 44.Nf5 Kd7 45.Rg7+ Kc6 46.Rxa7 Ra2 47.Kf3 Ra3+ 48.Ke2 Kd5
49.g4 Ra2+ 50.Ke1 e4 51.g5 Ke5 52.g6 Kf4 53.g7 Ra1+ 54.Ke2 Ra2+ 55.Kd1 Ra1+
56.Kc2 Ra2+ 57.Kb3 Rg2 58.Nxd6 e3 59.Rf7+ Ke5 60.Nc4+ Ke6 61.Nxe3 Rg3 62.Rb7 Kd6
63.a7 Rxe3+ 64.Kc4 Re8 65.Rb8  1-0

[Event "TCh-FIN SM 2013-14"]
[Site "Joensuu FIN"]
[Date "2013.11.02"]
[Round "5.3"]
[White "Mertanen,J"]
[Black "Wallin,A"]
[Result "1-0"]
[WhiteElo "2358"]
[BlackElo "2183"]

1.d4 Nf6 2.c4 g6 3.Nc3 Bg7 4.e4 d6 5.Nf3 O-O 6.Be2 e5 7.O-O Nc6 8.d5 Ne7
9.b4 Nh5 10.g3 f5 11.Ng5 Nf6 12.Bf3 fxe4 13.Ncxe4 Nxe4 14.Nxe4 Nf5 15.Bg2 a5
16.Bg5 Qd7 17.bxa5 Rxa5 18.a4 Ra6 19.Ra3 c5 20.dxc6 bxc6 21.Rd3 Nd4 22.Be3 Qe6
23.f4 Qxc4 24.Nxd6 Qxa4 25.fxe5 Qxd1 26.Rdxd1 Ne2+ 27.Kh1 Bg4 28.Rxf8+ Kxf8
29.Rf1+ Kg8 30.Nf7 Bf5 31.Nh6+ Kf8 32.g4 Bxe5 33.gxf5 Ra1 34.fxg6+ Rxf1+
35.Bxf1 Bf4 36.Bc5+ Kg7 37.Nf5+ Kxg6 38.Ne7+ Kf7 39.Bxe2 Ke6 40.Bf3 Bg5 41.Nxc6 Kf5
42.Kg2 Bf4 43.Nd4+ Kf6 44.Ne2 Bd2 45.Be4 Kg7 46.Bd4+ Kh6 47.Kf3 Bb4 48.h3 Ba3
49.Nf4 Be7 50.Nd3 Bd6 51.Nf2 Bb4 52.Ng4+ Kg5 53.Bxh7 Kh4 54.Bf6+ Kxh3 55.Bd3  1-0

[Event "TCh-CZE Extraliga 2013-14"]
[Site "Lysa nad Labem CZE"]
[Date "2013.11.02"]
[Round "1.7"]
[White "Priehoda,V"]
[Black "Obsivac,J"]
[Result "1/2-1/2"]
[WhiteElo "2371"]
[BlackElo "2306"]

1.d4 Nf6 2.Nf3 g6 3.c4 Bg7 4.Nc3 O-O 5.e4 d6 6.Be2 e5 7.O-O Nc6 8.d5 Ne7
9.Ne1 Ne8 10.Be3 f5 11.f3 f4 12.Bf2 h5 13.a4 g5 14.a5 Rf7 15.c5 Bf8 16.cxd6 cxd6
17.Nb5 g4 18.Nxa7 Bd7 19.Bb6 Qb8 20.Bb5 Nc8 21.Bxd7 Nxb6 22.axb6 Rxd7 23.Nd3 Qd8
24.Qb3 Qg5 25.Kh1 Rg7 26.Nf2 Nf6 27.Rac1 Be7 28.Rc7 Bd8 29.Rxg7+ Qxg7 30.Nc6 Nd7
31.Nxd8 Rxd8 32.fxg4 hxg4 33.h3 Nf6 34.Nxg4 Nxg4 35.hxg4 Qh7+ 36.Qh3 Qxe4
37.Qh6 Qh7 38.Qxh7+ Kxh7 39.g3 Kg6 40.gxf4 exf4 41.Rxf4 Re8 42.Kg1 Re2 43.g5  1/2-1/2

[Event "80th ch-BRA S/F 1 2013"]
[Site "Rio de Janeiro BRA"]
[Date "2013.11.02"]
[Round "4.24"]
[White "Okamura,M"]
[Black "Fonseca,Luis Ernesto Serra Azul"]
[Result "1-0"]
[WhiteElo "2064"]
[BlackElo "2031"]

1.d4 Nf6 2.c4 g6 3.Nc3 Bg7 4.e4 d6 5.Nf3 O-O 6.Be2 e5 7.O-O Nc6 8.d5 Ne7
9.Nd2 a5 10.a3 Bd7 11.b3 c6 12.Rb1 cxd5 13.cxd5 Qb8 14.a4 Bh6 15.Ba3 Rc8
16.Nc4 Ne8 17.Qd3 Qc7 18.Qg3 Kh8 19.Rb2 f5 20.f3 Ng8 21.Rc2 Ngf6 22.Qf2 Rab8
23.Bd1 Bf8 24.Nb6 Qxc3 25.Rxc3 Rxc3 26.Nc4 Rc8 27.Qe1 R8xc4 28.bxc4 Rxa3
29.Qxa5 Bh6 30.Qb4 Be3+ 31.Kh1 Ra1 32.Be2 Rxa4 33.Qxb7 Bc5 34.Rb1 Ra2 35.Bf1 Kg7
36.exf5 gxf5 37.Bd3 h6 38.Bxf5 Ra7 39.Qxa7 Bxa7 40.Bxd7 Bc5 41.Bf5 Nc7 42.Rb7 Ne8
43.g4 Kf6 44.Bd7 Kg5 45.Kg2 Kf4 46.h4 Bd4 47.Bxe8 Nxe8 48.Rf7+ Ke3 49.Rh7 Kd3
50.Rxh6 Kxc4 51.Re6 Nc7 52.Rxd6 Nxd5 53.g5 Ne3+ 54.Kh3 Kd3 55.g6 Nf5 56.Rd7 Ke2
57.f4 exf4 58.Rxd4 f3 59.Rf4 Ne7 60.g7  1-0

[Event "e2e4 Gatwick Nov Open"]
[Site "Crawley ENG"]
[Date "2013.11.03"]
[Round "4"]
[White "Oliver,Martin"]
[Black "Kalaiyalahan,Akshaya"]
[Result "1-0"]
[WhiteElo "1865"]
[BlackElo "1983"]

1.d4 Nf6 2.c4 g6 3.Nc3 Bg7 4.e4 d6 5.Be2 O-O 6.Nf3 e5 7.O-O Nc6 8.d5 Ne7
9.b4 Ne8 10.c5 a5 11.Ba3 axb4 12.Bxb4 h6 13.Nd2 f5 14.Nc4 Kh8 15.f3 f4 16.a4 g5
17.a5 Rf6 18.Nb5 Bf8 19.cxd6 cxd6 20.Nb6 Rb8 21.Qb3 h5 22.Rfc1 Rg6 23.h3 Rh6
24.Be1 Bd7 25.Nxd7 Qxd7 26.Rc3 Ng8 27.Rac1 Ngf6 28.Nc7 g4 29.Nxe8 Qxe8 30.Kh2 gxh3
31.gxh3 Nd7 32.Bb5 Rh7 33.Rc7 Rg7 34.Bf2 Qd8 35.Bxd7 Rxd7 36.Qb6 Rxc7 37.Rxc7 Be7
38.Rxb7 Rxb7 39.Qxb7 Bh4 40.Bxh4 Qxh4 41.Qc8+ Kg7 42.Qd7+ Kg8 43.Qc8+ Kg7
44.Qd7+ Kg8 45.Qc8+ Kg7 46.Qc3 Qg3+ 47.Kh1 Qxh3+ 48.Kg1 Qg3+ 49.Kf1 h4 50.Qc7+ Kg8
51.Qd8+ Kg7 52.Qe7+ Kh8 53.Qf8+ Kh7 54.Qf7+ Kh8 55.Qh5+ Kg7 56.Qg4+ Qxg4
57.fxg4 h3 58.a6 f3 59.Kg1 Kg6 60.a7 Kg5 61.a8=Q Kf4 62.Kf2 Kxg4 63.Qf8  1-0

[Event "52nd TCh-DEN XtraCon 2013-14"]
[Site "Denmark DEN"]
[Date "2013.11.03"]
[Round "2.5"]
[White "Carstensen,J"]
[Black "Nordenbaek,J"]
[Result "1-0"]
[WhiteElo "2372"]
[BlackElo "2255"]

1.d4 Nf6 2.c4 g6 3.Nc3 Bg7 4.e4 d6 5.Nf3 O-O 6.Be2 e5 7.O-O Nc6 8.d5 Ne7
9.b4 Nh5 10.Re1 f5 11.Ng5 Nf6 12.Bf3 c6 13.Ba3 h6 14.Ne6 Bxe6 15.dxe6 fxe4
16.Bxe4 Nxe4 17.Nxe4 d5 18.Nc5 Qd6 19.Nxb7 Qxe6 20.b5 dxc4 21.bxc6 Qxc6 22.Bxe7 Rf7
23.Nd8  1-0

[Event "80th ch-BRA S/F 1 2013"]
[Site "Rio de Janeiro BRA"]
[Date "2013.11.03"]
[Round "7.23"]
[White "Okamura,M"]
[Black "Frota,Alvaro"]
[Result "1-0"]
[WhiteElo "2064"]
[BlackElo "2087"]

1.d4 Nf6 2.c4 g6 3.Nc3 Bg7 4.e4 d6 5.Nf3 O-O 6.Be2 e5 7.O-O Nc6 8.d5 Ne7
9.Nd2 Bh6 10.b4 a5 11.bxa5 Rxa5 12.Nb3 Bxc1 13.Qxc1 Ra8 14.c5 dxc5 15.Nxc5 b6
16.Nb3 c5 17.a4 Ba6 18.Bxa6 Rxa6 19.Nd2 Nc8 20.Nb5 Ne8 21.Qc3 Qe7 22.Qd3 Ra8
23.Nc4 Ned6 24.Nbxd6  1-0

[Event "Chinese Zonal w 2013"]
[Site "Zhongshan CHN"]
[Date "2013.11.04"]
[Round "7.1"]
[White "Shen Yang"]
[Black "Wang Jue"]
[Result "1/2-1/2"]
[WhiteElo "2415"]
[BlackElo "2382"]

1.d4 Nf6 2.c4 g6 3.Nc3 Bg7 4.e4 d6 5.Be2 O-O 6.Nf3 e5 7.O-O Nc6 8.d5 Ne7
9.b4 Nh5 10.g3 a5 11.bxa5 Rxa5 12.a4 c5 13.Ra3 Nf6 14.Re1 Ne8 15.Bf1 h6 16.Nb5 f5
17.exf5 Nxf5 18.Nd2 Nf6 19.Bd3 Ra6 20.Ne4 Nxe4 21.Bxe4 h5 22.f4 Bd7 23.Rf1 Ra8
24.Qd3 Qb6 25.fxe5 Bxe5 26.Bg5 Rf7 27.Bg2 Qa5 28.Bd2 Qd8 29.Bf4 Qf6 30.Qd2 Bxf4
31.Rxf4 Re7 32.Nc3 Qg7 33.Rb3 Rae8 34.Rxb7 Re1+ 35.Rf1 Qd4+ 36.Qxd4 cxd4
37.Rxe1 Rxe1+ 38.Kf2 Rc1 39.Ne2 d3 40.Nxc1 d2 41.Ne2 d1=Q 42.Rxd7 Qxa4 43.Rc7 Qa5
44.Rc8+ Kg7 45.Be4 Nh6 46.Bf3 Nf7 47.Nf4 Qd2+ 48.Be2 Ne5 49.h3 Kf6 50.h4 Ng4+
51.Kg2 Ne3+ 52.Kf2 Ng4+ 53.Kg2 Ne5 54.Kf2 Kf5 55.Rf8+ Ke4 56.Ra8 Nxc4 57.Kg2 Ne3+
58.Kf2 Ng4+ 59.Kg2 Ne3+ 60.Kf2 Ng4+ 61.Kg2 Ne5 62.Kf2 Qd4+ 63.Kg2 Ke3 64.Ra3+ Kd2
65.Ra2+ Kc3 66.Bf3 Kb3 67.Rf2 Qe3 68.Bd1+ Kc3 69.Bf3 Nd3 70.Nxd3 Kxd3 71.Ra2 Kd4
72.Re2 Qd3 73.Re6 Qd2+ 74.Kh3 Qf2 75.Bg2 Kc5 76.Kh2 Qf5  1/2-1/2

[Event "Arab Clubs 2013"]
[Site "Monastir TUN"]
[Date "2013.11.05"]
[Round "2.3"]
[White "Ezat,M"]
[Black "Ali,Ak"]
[Result "1-0"]
[WhiteElo "2454"]
[BlackElo "2308"]

1.d4 Nf6 2.Nf3 g6 3.c4 Bg7 4.Nc3 O-O 5.e4 d6 6.Be2 e5 7.O-O Nc6 8.d5 Ne7
9.b4 Nh5 10.Re1 Nf4 11.Bf1 Bg4 12.h3 Bxf3 13.Qxf3 a5 14.bxa5 Rxa5 15.a4 c5
16.Rb1 Qd7 17.Qd1 f5 18.g3 Nh5 19.exf5 Qxf5 20.Ne4 Nf6 21.g4 Qd7 22.Ng5 Rfa8
23.f4 Rxa4 24.fxe5 dxe5 25.Ne6 Ra2 26.Nxg7 Kxg7 27.Bb2 Rxb2 28.Rxb2 Qd6 29.Rxb7 e4
30.Qd2 Ra3 31.Qh2 Rg3+ 32.Kh1 h5 33.Rxe7+  1-0

[Event "Krasnoselskaya Autumn IM 2013"]
[Site "St Petersburg RUS"]
[Date "2013.11.06"]
[Round "6.5"]
[White "Savchenko,S"]
[Black "Chigaev,M"]
[Result "1/2-1/2"]
[WhiteElo "2506"]
[BlackElo "2491"]

1.d4 Nf6 2.c4 g6 3.Nc3 Bg7 4.e4 d6 5.Nf3 O-O 6.Be2 e5 7.O-O Nc6 8.d5 Ne7
9.b4 Nh5 10.Re1 f5 11.Ng5 Nf6 12.Bf3 c6 13.b5 cxd5 14.cxd5 h6 15.Ne6 Bxe6
16.dxe6 fxe4 17.Nxe4 Nxe4 18.Bxe4 d5 19.Ba3 dxe4 20.Qxd8 Rfxd8 21.Bxe7 Re8
22.Bc5 Rxe6 23.Rxe4  1/2-1/2